000 00419 a2200145 4500
005 20250628115450.0
020 _a0-07-288290-5
100 _aSAWYER, S.C
245 _aUsing Information Technology: A Practical Introduction to Computers & Communications
250 _a6th Ed.
260 _aNew York
_bMcGraw Hill
_c2005
300 _axxi, 113p.: ill; pictures
_bIndex
_c26cm
700 _aWILLIAMS, B.K
942 _2ddc
_cBKS
999 _c5988
_d5988